000 01527cam a2200325 i 4500
001 768714001
003 CO-MdFUSB
005 20250527154131.0
007 ta
008 230615t1992 -us||||| |||| 00| | spa d
020 _a1560632127
040 _bspa
_aCO-MdFUSB
_cCO-MdFUSB
_dCO-MdFUSBC
_erda
041 _aspa
082 0 4 _223
_a248.4
_bS9784f
100 1 _aSwindoll, Charles R.
_eautor
240 _a Simple faith
245 1 0 _aUna fe sencilla
_c/ Charles R. Swindoll ; traducido por Arnoldo Canclini
264 1 _aMiami, FL. :
_bUnilit,
_c[1992]
264 4 _c© 1992
300 _a322 páginas
_c; 23 cm
336 _atexto
_btxt
_2rdacontent
337 _2rdamedia
_asin mediación
_bn
338 _2rdacarrier
_avolumen
_bnc
505 _aMantengámoslo sencillo -- las cualidades de la fe sencilla -- un contraestrategia sencilla : sazone y brille -- la sencillez comienza desde adentro -- instrucciones sencillas sobre asuntos serios -- consejos sencillos a los egoístas y a los voluntariosos -- ¡cuidado! espectáculo religioso en escena -- oración y ayuno sin mucha pompa -- cuando la fe sencilla se erosiona -- el sutil enemigo de la fe sencilla -- si toma en serio la fe sencilla, ¡deje de...! -- la mas poderosa de las palabras -- advertencias sencillas pero serias para tiempos complicados -- el simple secreto de una vida que no se hunde..
563 _aRústico
650 0 _919
_aVida cristiana
700 _96055
_aCanclini, Arnoldo,
_etraductor
942 _cBK
945 _aMag1104
999 _c42785
_d42785